Dresden Tram Linie 4 Haltstellen (Weinböhla-Laubegast) - Statistiken

Allgemein
  • Dieses Quiz wurde 24 mal gespielt
  • Das Durchschnittsergebnis liegt bei 24 aus 69
Antwortstatistiken
Antwort % Korrekt
Dresden, Postplatz
100%
Dresden, Altmarkt
76%
Dresden, Anton-/Leipziger Straße
76%
Dresden, Mickten
67%
Dresden, Pirnaischer Platz
67%
Dresden, Straßburger Platz
67%
Dresden, Fetscherplatz
62%
Dresden, Alter Schlachthof
57%
Dresden, Theaterplatz
57%
Dresden, Altpieschen
52%
Dresden, Deutsches Hygiene Museum
52%
Coswig, Zentrum / Börse
48%
Dresden, Alexander-Puschkin-Platz
48%
Dresden, Krankenhaus St. Joseph-Stift
48%
Dresden, Neustädter Markt
48%
Dresden, Pohlandplatz
48%
Radebeul, Forststraße
48%
Coswig, Rathaus Coswig
43%
Dresden, Altenberger Straße
43%
Dresden, Palaisplatz
43%
Dresden, Spenerstraße
43%
Coswig, Salzstraße
38%
Dresden, Alttrachau
38%
Dresden, Gottleubaer Straße
38%
Dresden, Oschatzer Straße
38%
Dresden, Rankestraße
38%
Radebeul, Landesbühnen
38%
Dresden, Bergmannstraße
33%
Dresden, Kleestraße
33%
Dresden, Ludwig-Hartmann-Straße
33%
Dresden, S-Bahnhof Trachau West
33%
Dresden, Wasserwerk Tolkewitz
33%
Radebeul, Moritzburger Straße
33%
Radebeul West, Flemmingstraße
33%
Coswig, Auerstraße
29%
Dresden, Mosenstraße
29%
Radebeul, Eisenbahnbrücke
29%
Radebeul, Gradsteg
29%
Radebeul, Johannisbergstraße
29%
Radebeul, Schildenstraße
29%
Radebeul, Schloss Wackerbarth
29%
Radebeul, Wasastraße
29%
Coswig, Radebeuler Straße
24%
Dresden, Albert-Wolf-Platz
24%
Dresden, Friedhof Leuben
24%
Dresden, Johannisfriedhof
24%
Dresden, Leubener Straße
24%
Dresden, Leubener Straße
24%
Dresden, Peschelstraße
24%
Radebeul, Gerhart-Hauptmann-Straße
24%
Radebeul, Hauptstraße
24%
Radebeul, Zillerstraße
24%
Weinböhla, Köhlerstraße
24%
Dresden, Alttolkewitz
19%
Dresden, Hermann-Seidel-Straße
19%
Dresden, Kronstädter Platz
19%
Dresden, Tolkewitz Schulcampus
19%
Radebeul, Borstraße
19%
Radebeul, Dr.-Külz-Straße
19%
Radebeul, Zinzendorfstraße
19%
Coswig, Steinbacher Weg
14%
Dresden, Abzweig nach Reick
14%
Dresden, Laibacher Straße
14%
Dresden, Rottwerndorfer Straße
14%
Dresden, S-Bahnhof Dobritz
14%
Weinböhla, Gellertstraße
14%
Weinböhla, Rathausstraße
14%
Dresden, Breitscheidstraße
10%
Dresden, Großglocknerstraße
10%
Keine übereinstimmenden Quizze gefunden
Verteilung der Resultate
Anzahl Personen mit jedem Resultat
Perzentil nach korrekt beantworteten Fragen
Ihre Resultats-Entwicklung
Sie haben dieses Quiz noch nicht gespielt